To Brooklyn with love

Պահպանված է:
Մատենագիտական մանրամասներ
Հիմնական հեղինակ: Green, Gerald (Հեղինակ)
Ձևաչափ: Գիրք
Լեզու:անգլերեն
Հրապարակվել է: Nueva York Trident Press 1967
Խորագրեր:
Ցուցիչներ: Ավելացրեք ցուցիչ
Չկան պիտակներ, Եղեք առաջինը, ով նշում է այս գրառումը!

MARC

LEADER 00000nam a2200000 a 4500
001 UCQ4400
003 CL-VaPUC
008 980904e19670000US |||||||||||||||||eng|d
082 0 4 |a 813  |b GRE  |2 21 
100 |a Green, Gerald  |e author  |9 548692 
245 1 0 |a To Brooklyn with love 
300 |a 305 p 
942 |c BK 
945 |d 19980904 00:00:00  |a crobeson 
260 |a Nueva York  |b Trident Press  |c 1967 
650 0 |a Novelas estadounidenses  |9 265217 
650 0 |a Literatura estadounidense  |9 317168 
583 |a last modification  |c 19980904 00:00:00  |k Rodrigo Vera 
999 |c 274780  |d 274778 
952 |0 0  |1 0  |4 0  |6 813_000000000000000_GRE_1967  |7 0  |8 A  |9 311087  |a BIBEDU  |b BIBEDU  |d 2019-11-20  |i 1463756  |o 813 GRE 1967  |p 1463756  |r 2019-11-20  |w 2019-11-20  |y BK  |k LIT